Képzőművészeti napló
Elmentve itt :
| Szerző: | |
|---|---|
| Dokumentumtípus: | Cikk |
| Megjelent: |
1970-05-12
|
| Sorozat: | Délmagyarország
60 No. 109 |
| Kulcsszavak: | Képzőművészet kiállítás Hódmezővásárhely 1970, iparművészet |
| Online Access: | http://dmarchiv.bibl.u-szeged.hu/77491 |
| LEADER | 00505nab a2200157 i 4500 | ||
|---|---|---|---|
| 001 | delm77491 | ||
| 005 | 20180928084301.0 | ||
| 008 | 180928s1970 hu o 0|| hun d | ||
| 040 | |a SZTE Délmagyarország Archívum |b hun | ||
| 041 | |a hun | ||
| 100 | 1 | |a Akácz László | |
| 245 | 1 | 0 | |a Képzőművészeti napló |h [elektronikus dokumentum] / |c Akácz László |
| 260 | |c 1970-05-12 | ||
| 300 | |a 5 | ||
| 490 | 0 | |a Délmagyarország |v 60 No. 109 | |
| 695 | |a Képzőművészet kiállítás Hódmezővásárhely 1970, iparművészet | ||